Fr. Conceicao Rodrigues College of Engineering

Enterprise SOA: Designing IT for business innovation (Record no. 21089)

MARC details
000 -LEADER
fixed length control field 00387nam a2200169Ia 4500
082 ## - DEWEY DECIMAL CLASSIFICATION NUMBER
Classification number 658.4
Item number WOO
100 ## - MAIN ENTRY--PERSONAL NAME
Personal name Woods/Dan/ Mattern/Thomas
245 ## - TITLE STATEMENT
Title Enterprise SOA: Designing IT for business innovation
260 ## - PUBLICATION, DISTRIBUTION, ETC.
Name of publisher, distributor, etc. Shroff Publishers
Date of publication, distribution, etc. 2006
366 ## - TRADE AVAILABILITY INFORMATION
Publishers's discount category 20
300 ## - PHYSICAL DESCRIPTION
Extent 433
546 ## - LANGUAGE NOTE
Language note ENGLISH
-- electronics
650 ## - SUBJECT ADDED ENTRY--TOPICAL TERM
Topical term or geographic name entry element SOA
654 ## - SUBJECT ADDED ENTRY--FACETED TOPICAL TERMS
Focus term SOA
942 ## - ADDED ENTRY ELEMENTS (KOHA)
Koha item type BOOK
Holdings
Withdrawn status Lost status Damaged status Not for loan Collection Home library Current library Date acquired Source of acquisition Cost, normal purchase price Inventory number Total Checkouts Full call number Barcode Date last seen Cost, replacement price Price effective from Koha item type
        CRC Fr. Agnel's C.Rodrigues College of Engineering Fr. Agnel's C.Rodrigues College of Engineering 17/03/2023 Book Base 360.00 10810 dt 26/04/2011   658.4 WOO 21611 17/03/2023 450.00   BOOK